Normal view
MARC view
- Opinion Leader Research
Entry Corporate Name
001 - CONTROL NUMBER
- control field: 4625
003 - CONTROL NUMBER IDENTIFIER
- control field: SIRSI
005 - DATE AND TIME OF LATEST TRANSACTION
- control field: 20190806150235.0
008 - FIXED-LENGTH DATA ELEMENTS
- fixed length control field: 040430n| aaannaabn |n ana d
040 ## - CATALOGING SOURCE
- Original cataloging agency: OSt
- Transcribing agency: OSt
110 ## - HEADING--CORPORATE NAME
- Corporate name or jurisdiction name as entry element: Opinion Leader Research
670 ## - SOURCE DATA FOUND
- Source citation: Evaluation of government employment regulations and their impact on small business, 2004